| 000 | 00785cam a2200253I 4500 | ||
|---|---|---|---|
| 001 | 46258 | ||
| 005 | 20230410143536.0 | ||
| 008 | 891230s1961 ru a 000 0 spa d | ||
| 035 | _a(OCoLC)ocm20835706 | ||
| 040 |
_aRRR _cRRR _dOCLCQ |
||
| 035 | _a(OCoLC)20835706 | ||
| 041 | 1 |
_aspa _hrus |
|
| 043 | _ae-ur--- | ||
| 050 | 1 | 4 |
_aT 26.6 _bP964 1961 |
| 049 | _aGRAL | ||
| 245 | 0 | 3 |
_aEl progreso técnico en la URSS, 1959-1965 / _c[Traducido del Ruso por M. Vallejo]. |
| 260 |
_aMoscú : _bEdiciones en Lenguas Extranjeras, _c[1961?] |
||
| 300 |
_a269 p. _billus. _c20 cm. |
||
| 500 | _aTranslation of (title transliterated): Tekhnicheskiæi progress v SSSR, 1959-1965. | ||
| 650 | 0 |
_aTechnology _zSoviet Union. |
|
| 942 |
_2lcc _cbk |
||
| 994 |
_aC0 _bDRFGD |
||
| 946 | _acsexposito | ||
| 999 |
_c103570 _d103570 |
||